Instructor's manual to accompany managing organization quality
Αποθηκεύτηκε σε:
| Κύριος συγγραφέας: | |
|---|---|
| Άλλοι συγγραφείς: | |
| Μορφή: | Βιβλίο |
| Γλώσσα: | English |
| Δημοσίευση: |
Chicago :
Richard D. Irwin, Inc.,
1994
|
| Θέματα: | |
| Ετικέτες: |
Προσθήκη ετικέτας
Δεν υπάρχουν, Καταχωρήστε ετικέτα πρώτοι!
|
MARC
| LEADER | 00000nam a2200000 i 4500 | ||
|---|---|---|---|
| 001 | 1/62371 | ||
| 008 | 980617s1994 eng d | ||
| 020 | |a 0256174075 | ||
| 035 | |l 10029060 | ||
| 040 | |a GR-MY-UA |b gre |e aacr | ||
| 041 | 0 | |a eng | |
| 082 | 0 | |a 658.562 | |
| 100 | 1 | |a Vroman, Willam, H. | |
| 245 | 1 | 0 | |a Instructor's manual to accompany managing organization quality / |c H.William Vroman and Vincent P. Luchsinger |
| 260 | |a Chicago : |b Richard D. Irwin, Inc., |c 1994 | ||
| 300 | |a v, 54p. and tables | ||
| 650 | 0 | 0 | |a Total quality management. |
| 650 | 0 | 0 | |a Quality control. |
| 700 | 1 | |a Luchsinger, Vincent P. | |
| 852 | |a INST |b CHIOS |e 19980617 |h 658.562 VRO |p 005200016131 |q 005200016131 |t BK |y 0 | ||
| 901 | |a BIBL-1998-2 | ||
| 909 | |a Χ |b 057342 | ||
| 922 | |a 2ΕΛΗ |b 199805 |c ΤΔΕ |d ΠΑΠΑΣΩΤΗΡΙΟΥ | ||